00683nam a22002177a 450000500170000001000150001702000250003203500140005703700100007108200130008110000270009424501030012125000240022426000420024827000880029030000270037849000130040570000200041870000190043876000080045720250402151935.0 aENG-144415 c95.00a9789387706200 aEN-127947 bDBAD  a53029th aDasgupta, Chittaranjan aA Handbook of Degree Practical Physics/cChittaranjan Dasgupta, Asok Kumar Das [and] Susobhan Paul a9bElectromagnetism aKolkatabBook Syndicate Pvt Ltdc2019 a35 College Street, Kolkata bKolkatae700 073k22570755mbooksyndicate.35@gmail.com avi, 114(Pp)c24cm (pb) vVolume 2 aDas, Asok Kumar aPaul, Susobhan b9th